Loading...
| Pop Culture | 1 | 1 | 0 | 1 | 25 | 67 | 102.00 | 0 | 2 |
| Literature - World Literature | 0 | 2 | 0 | 0 | 20 | 128 | 128.50 | 0 | 2 |
| Fine Arts - Auditory Fine Arts | 0 | 1 | 0 | 0 | 10 | 138 | 138.00 | 0 | 0 |
| History - European History | 0 | 1 | 0 | 0 | 10 | 78 | 78.00 | 0 | 1 |
| Literature - British Literature | 0 | 1 | 0 | 0 | 10 | 113 | 113.00 | 0 | 1 |
| Literature - European Literature | 0 | 1 | 0 | 0 | 10 | 111 | 111.00 | 0 | 1 |
| Mythology | 0 | 2 | 2 | 1 | 10 | 109 | 116.00 | 0 | 2 |
| Science - Chemistry | 0 | 1 | 0 | 0 | 10 | 110 | 110.00 | 0 | 0 |
| Fine Arts - Other Fine Arts | 0 | 1 | 1 | 0 | 5 | 101 | 101.00 | 0 | 1 |
| Social Science | 0 | 0 | 0 | 0 | 0 | 0.00 | 0 | 0 | |
| Religion | 0 | 0 | 0 | 0 | 0 | 0.00 | 0 | 0 | |
| Popular Culture | 0 | 0 | 0 | 0 | 0 | 0.00 | 0 | 0 | |
| History - American History | 0 | 0 | 1 | 0 | -5 | 0.00 | 0 | 0 | |
| History - Other History | 0 | 0 | 1 | 0 | -5 | 0.00 | 0 | 0 | |
| History - World History | 0 | 0 | 1 | 0 | -5 | 0.00 | 0 | 0 | |
| Mythology- Edited | 0 | 0 | 1 | 0 | -5 | 0.00 | 0 | 0 | |
| Fine Arts - Visual Fine Arts | 0 | 0 | 2 | 0 | -10 | 0.00 | 0 | 0 |